Jarmila Čihánková. Výber z tvorby

Bibliographic Details
Main Author: Belohradská, Ľuba, 1936- (Author)
Corporate Author: Slovenská sporiteľňa (Author)
Format: Book
Language:Slovak
English
German
PhysicalDescription:1 skladačka ([6] s.) fotogr. 30 cm
Published: [Bratislava] ARTPEX 2005
ISBN:8089205089 (brož.)
Edition:[1. vyd.]
Subjects:

MARC

LEADER 00000nam a22000005a 4500
001 vtls008695342
003 SK-MaSNL
005 20260426002123.0
008 060425s2005 xo o g c 000 0bslo
015 |a SNBE2007/01-00001 
020 |a 8089205089 (brož.) 
040 |a SNK  |b slo  |c SNK  |e AACR2 
041 0 |a slo  |a eng  |a ger 
043 |a e-xo--- 
044 |a xo  |c SK 
072 7 |a 72/76  |x Výtvarné umenie  |2 konspekt 
080 |a (437.6)  |2 2001 
080 |a (083.824)  |2 2001 
080 |a (084.12)  |2 2001 
080 |a (055)  |2 2001 
080 |a 74/76  |2 2001 
080 |a 069.6.02:73/76  |2 2001 
110 2 |a Slovenská sporiteľňa  |4 aut  |9 31268 
245 1 0 |a Jarmila Čihánková. Výber z tvorby  |c [koncepcia výstavy, text v bulletine: Ľuba Belohradská] 
250 |a [1. vyd.] 
260 |a [Bratislava]  |b ARTPEX  |c 2005 
300 |a 1 skladačka ([6] s.)  |b fotogr.  |c 30 cm 
500 |a Súbež. text angl., nem. 
504 |a Biogr. údaje 
600 1 7 |a Čihánková, Jarmila,  |d 1925-2017  |2 SNKMA  |9 110763 
648 7 |a 20.-21. stor.  |2 SNKPH  |9 270701 
650 0 7 |a maliarstvo  |2 SNKPH  |9 812 
650 0 7 |a grafika  |2 SNKPH  |9 814 
650 0 7 |a kresba  |2 SNKPH  |9 3076 
650 0 7 |a tapisérie  |2 SNKPH  |9 30047 
650 0 7 |a výtvarné umenie  |2 SNKPH  |9 723 
651 7 |a Slovensko  |2 SNKPH  |9 14231 
655 7 |a katalógy výstav  |2 SNKPH  |9 70445 
655 7 |a skladačky  |2 SNKPH  |9 70683 
655 7 |a bulletiny  |2 SNKPH  |9 70453 
700 1 |a Belohradská, Ľuba,  |d 1936-  |4 aut  |9 98509 
710 2 |a Slovenská sporiteľňa  |4 orm  |9 31268 
919 |a 80-89205-08-9 
999 |c 910306  |d 912236 
952 |a SNK  |b SNK  |y PREZ  |7 0  |p 17A0506306  |o snkOSB 14573  |i snk2006/8364  |8 0  |0 0  |1 0  |4 0  |d 2006-04-25  |l 0  |r 2026-02-24 07:41:27  |w 2026-02-24 
952 |a SNK  |b SNK  |y VYP  |7 0  |p 17A0506305  |o snkOSB 14573 D1  |i snk2006/8365  |8 0  |0 0  |1 0  |4 0  |d 2006-04-25  |l 0  |r 2026-02-24 07:41:27  |w 2026-02-24